Jak komunikovat se zákazníkem co a jak chci sdělit

Salvato in:
Dettagli Bibliografici
Autore principale: Foret, Miroslav
Natura: Libro
Lingua:ceco
Pubblicazione: Praha Computer Press 2000
Serie:Praxe manažera
Business books
Soggetti:
Tags: Aggiungi Tag
Nessun Tag, puoi essere il primo ad aggiungerne!!

MARC

LEADER 00000nam a2200000 4500
001 c123291
005 20221108093220.6
020 |a 80-7226-292-9 
041 0 |a cze 
044 |a CZ 
245 1 0 |a Jak komunikovat se zákazníkem  |b co a jak chci sdělit  |c Miroslav Foret 
264 1 |a Praha  |b Computer Press  |c 2000 
300 |a 200 s. 
490 1 |a Praxe manažera 
830 0 |a Praxe manažera 
490 1 |a Business books 
830 0 |a Business books 
500 |a Vzadu na obale ISBN: 80-7226-301-3 
610 2 0 |a komunikácia 
610 2 0 |a zákazníci 
610 2 0 |a obchod 
610 2 0 |a médiá 
610 2 0 |a podnik 
610 2 0 |a kultúra podniková 
610 2 0 |a imidž 
610 2 0 |a rozhodovanie 
610 2 0 |a výskum 
610 2 0 |a marketing 
610 2 0 |a ponuka 
610 2 0 |a segmentácia trhu 
610 2 0 |a marketing mix 
610 2 0 |a produkty 
610 2 0 |a ceny 
610 2 0 |a distribúcia 
610 2 0 |a komunikácia marketingová 
610 2 0 |a reklama 
610 2 0 |a podpora predaja 
610 2 0 |a siete počítačové 
610 2 0 |a maloobchod 
610 2 0 |a stratégia podniková 
610 2 0 |a stratégia obchodná 
610 2 0 |a komunikácia manažérska 
100 1 |a Foret, Miroslav